Vista normal Vista MARC

Entrada Topical Term

Número de registros utilizados en: 4

001 - CONTROL NUMBER

  • control field: 215

003 - CONTROL NUMBER IDENTIFIER

  • control field: OSt

005 - DATE AND TIME OF LATEST TRANSACTION

  • control field: 20200206115514.0

008 - FIXED-LENGTH DATA ELEMENTS

  • fixed length control field: 200206|| aca||aabn | a|a d

040 ## - CATALOGING SOURCE

  • Original cataloging agency: OSt
  • Transcribing agency: OSt

150 ## - HEADING--TOPICAL TERM

  • Topical term or geographic name entry element: Novela negra

670 ## - SOURCE DATA FOUND

  • Source citation: Work cat.: (OSt): España, Gonzalo, autor 213, El caso Mondiú / , 2011